| 000 | 00693cam a22002531 4500 | ||
|---|---|---|---|
| 001 | sa 64007488 | ||
| 003 | DLC | ||
| 005 | 20260227112047.0 | ||
| 007 | hd afb|||baca | ||
| 008 | 810302s1963 io c 000 0 eng | ||
| 010 | _asa 64007488 | ||
| 035 | _a(OCoLC)7181380 | ||
| 040 |
_aDLC _cViW _dOCoLC _dDLC |
||
| 042 | _apremarc | ||
| 043 | _aa-io | ||
| 050 | 0 | 0 |
_aJQ779.A55 _bA83 |
| 051 | _aMicrofilm 2008/20 | ||
| 100 | 1 |
_aAidit, D. N., _d1923-1965. |
|
| 245 | 1 | 0 |
_aProblems of the Indonesian revolution _c[by] D.N. Aidit. |
| 260 |
_a[Bandung] _bDemos, _c1963. |
||
| 300 |
_a612 p. _bport. _c22 cm. |
||
| 610 | 2 | 0 |
_aPartai Komunis Indonesia _xHistory. |
| 650 | 0 |
_aCommunism _zIndonesia. |
|
| 999 |
_c60287 _d60287 |
||